| 000 | 01026nam a2200277 i 4500 | ||
|---|---|---|---|
| 001 | bg | ||
| 100 | 1 | _aTERRY, Patrick D. | |
| 245 | 1 | 0 |
_aUczymy się programować na przykładzie MODULI 2 / _cPatrick D. Terry ; z ang. przeł. Mirosława Miłkowska, Janina Mincer-Daszkiewicz. |
| 246 |
_iTyt. oryg.: _aAn introduction to programing with MODULA-2 |
||
| 260 |
_aWarszawa : _bWydawnictwa Naukowo-Techniczne, _c1992. |
||
| 300 |
_a557, [3] s. : _b1 wykr. ; _c24 cm. |
||
| 500 | _aOryg.: "An introduction to programing with MODULA-2" 1987. | ||
| 504 | _aBibliogr. s. 552-553. - Indeks. | ||
| 521 | _aDla szerokiego kręgu czytelników pragnących nauczyć się programowania komputerów. | ||
| 630 | 0 | 9 | _aMODULA 2 |
| 655 | _aPodręczniki | ||
| 700 | 1 |
_aMIŁKOWSKA, Mirosława. _eTł. |
|
| 700 | 1 |
_aMINCER-DASZKIEWICZ, Janina. _eTł. |
|
| 020 | _a832041363X | ||
| 040 | _cBPK | ||
| 041 | 1 |
_apol _heng |
|
| 080 | _a681.322.06(07) | ||
| 920 | _a83-204-1363-X | ||
| 942 | _cKS | ||
| 008 | s pl f |000 0 pol | ||
| 999 |
_c7022 _d7022 |
||
| 856 |
_uhttp://koha.tu.koszalin.pl/cgi-bin/koha/opac-detail.pl?biblionumber=7022 _yKatalog online BPK |
||